The role of anthropologists and other social scientists in interdisciplinary teams developing improved food production technology

Wedi'i Gadw mewn:
Manylion Llyfryddiaeth
Prif Awdur: IRRI
Fformat: Llyfr
Iaith:Undetermined
Cyhoeddwyd: Philippines IRRI 1982
Pynciau:
Tagiau: Ychwanegu Tag
Dim Tagiau, Byddwch y cyntaf i dagio'r cofnod hwn!
Thư viện lưu trữ: Trung tâm Học liệu Trường Đại học Cần Thơ
LEADER 00601nam a2200181Ia 4500
001 CTU_30085
008 210402s9999 xx 000 0 und d
082 |a 630.2 
082 |b I.71 
100 |a IRRI 
245 4 |a The role of anthropologists and other social scientists in interdisciplinary teams developing improved food production technology 
245 0 |c IRRI 
260 |a Philippines 
260 |b IRRI 
260 |c 1982 
650 |a agriculture assistance - anthropological aspects 
904 |i Nguyễn Quang Điền, 990226 
980 |a Trung tâm Học liệu Trường Đại học Cần Thơ